000 00904nam a2200277 a 4500
001 000025209
003 000025209
005 20180323155339.0
008 110211s2003 dr a 000 0bspa d
020 _a9993476978
040 _aBPMSU
_bspa
_cBPMSU
082 4 _a928.87293
_bL864C
100 1 _aCassá, Roberto,
_d1948-
245 1 0 _aAndrés López de Medrano :
_bprecursor de la democracia /
_cRoberto Cassá ; ilustraciones Ramiro Manzano.
260 _aSanto Domingo :
_bTobogán,
_c2003.
300 _a57 p. :
_bil. ;
_c21 cm.
490 1 _aBiografía dominicanas
504 _aBibliografía : p. 57
600 1 4 _aLÓPEZ DE MEDRANO, ANDRÉS
_d1780-1856
700 1 _aManzano, Ramiro,
_eil.
830 0 _aBiografía dominicanas
910 _aValidado. Control de calidad BNPHU
942 _2ddc
_cBK
945 _aRemanejado para la BNPHU / VM
956 _aVMATEO
_b10
_c20150701
_lBPMSU
_h0069
999 _c7102
_d7102